| 000 | 00990 a2200289 4500 | ||
|---|---|---|---|
| 003 | OSt | ||
| 005 | 20180116192342.0 | ||
| 008 | 120529t xxu||||| |||| 00| 0 eng d | ||
| 010 | _a 92000741 | ||
| 020 | _a0486671356 (pbk.) : | ||
| 020 | _a9780521437769 | ||
| 040 | _c0 | ||
| 082 | 0 | 0 | _a591.134 |
| 100 | 1 |
_aThompson, D'Arcy Wentworth, _92447 |
|
| 245 | 1 | 0 |
_aOn growth and form / _cD'Arcy Wentworth Thompson. |
| 260 |
_aNew York : _bDover, _c1992. |
||
| 300 |
_a1116 p. : _bill. ; _c22 cm. |
||
| 500 | _a"The complete revised edition." | ||
| 500 | _aOriginally published: New ed. Cambridge : Cambridge University Press, 1942. | ||
| 650 | 0 |
_aGrowth. _92448 |
|
| 650 | 0 |
_aMorphology (Animals) _92449 |
|
| 650 | 0 |
_aAnatomy _92450 |
|
| 650 | 0 |
_aDevelopmental biology _92451 |
|
| 856 | 4 | 2 |
_3Publisher description _uhttp://www.loc.gov/catdir/description/dover031/92000741.html |
| 942 |
_aSADA _cBK _k591.134 THO 1992 _2ddc |
||
| 999 |
_c352712 _d352712 |
||